| 000 | 01154nam a22002297a 4500 | ||
|---|---|---|---|
| 003 | OSt | ||
| 005 | 20231214085041.0 | ||
| 008 | 231121s 2022ag ||||| |||| 00| 0 spa d | ||
| 020 | _a9789874596048 | ||
| 040 | _cbesoc | ||
| 100 | 1 |
_aWinderbaum, Silvio, _eautor |
|
| 245 | 1 | 3 |
_aEl pueblo Mapuche : _buna nación / _cSilvio Winderbaum, Hugo Alvarez ; Ilustraciones Sanyú ; Prólogo Marcelo Valko |
| 260 |
_aNeuquén : _bPido la Palabra, _c2022 |
||
| 300 | _a119 p. | ||
| 520 | _aEste trabajo de investigación propone un viaje por la otra historia, la que habitualmente no se cuenta, no se escribe y no se reivindica salvo raras excepciones. La idea surgió del enorme desconocimiento existente sobre la nación mapuce e intenta visibilizar, entre otros aspectos, su concepción de vida, su sabiduría ancestral, la discriminación que sufren como pueblo y también, la estigmatización de su lucha. [Nota del editor] | ||
| 650 | 4 |
_aHistoria _zArgentina _xPueblos originarios |
|
| 700 | 1 |
_aWinderbaum, Silvio _eautor |
|
| 700 | 1 |
_aÁlvarez, Hugo _eautor |
|
| 700 | 0 |
_aSanyú, _eilustrador |
|
| 700 | 0 |
_aValko, Marcelo, _eprologuista |
|
| 942 |
_2udc _cLPD _n0 |
||
| 999 |
_c151 _d151 |
||